000 00479nam a2200181Ia 4500
001 19072
005 20260306171717.0
008 260306s9999||||xx |||||||||||||| ||und||
041 _aESP
082 _a658.8
_bH44
100 _aHernández Maestro, Rosa M.
_eAUT
245 0 _aEjercicios de marketing:
_bherramientas eficaces para la toma de decisiones
260 _c2016
300 _a187 páginas :
_c24 cm.
650 _aGEN
654 _aCAN
942 _cLIB
_dJUS
_fJUS
_2ddc
_n
999 _c19072
_d19072